Normal view
MARC view
Entry Personal Name
001 - CONTROL NUMBER
- control field: 5326
003 - CONTROL NUMBER IDENTIFIER
- control field: ARRUPE
005 - DATE AND TIME OF LATEST TRANSACTION
- control field: 20131206135220.0
008 - FIXED-LENGTH DATA ELEMENTS
- fixed length control field: 131206|| aca||aabn | a|a d
040 ## - CATALOGING SOURCE
- Original cataloging agency: ARRUPE
- Transcribing agency: ARRUPE
100 ## - HEADING--PERSONAL NAME
- Personal name: Teresa,
- Titles and other words associated with a name: Mother,
- Dates associated with a name: 1910-1997.
670 ## - SOURCE DATA FOUND
- Source citation: Work cat.: (ARRUPE)0: Vardey, Lucinda. Mother Teresa 1910-1997. 5325, Mother Teresa /, 1995.